000 00672cam a22002411 4500
001 sa 64002535
003 DLC
005 20260227112010.0
008 910401s1962 ii 000 0 urdr
010 _asa 64002535
025 _aPL480:I-U-372
035 _a(OCoLC)23360637
040 _aDLC
_cWaU
_dWaU
_dDLC
042 _apremarc
050 0 0 _aBP188.2
_b.T49
100 1 _aThānvī, Ashraf ʻAlī.
245 1 0 _aḤayāt al-Muslamīn.
_ctaʼlīf-i Ashraf ʻAlī Thānvī.
260 _aDehlī,
_bʻIlmī Kitābʹk̲h̲ānah
_c[1962]
300 _a215 p.
_c19 cm.
500 _aIn Urdu.
500 _aText partially vocalized.
650 0 _aReligious life
_xIslam.
999 _c57359
_d57359